|
|
|
|
| LEADER |
00000nam a22000005a 4500 |
| 001 |
6732 |
| 003 |
CL-ChBUA |
| 005 |
20170627161830.0 |
| 007 |
ta |
| 008 |
070301s1958 ag 000 0 spa |
| 040 |
|
|
|a CL-ChBUA
|c CL-ChBUA
|e rda
|
| 082 |
0 |
0 |
|a 780.3
|
| 100 |
1 |
|
|a Blom, Eric.
|
| 245 |
1 |
0 |
|a Diccionario de la música :
|b apéndice sobre músicos e historia y evolución de la música en los países americanos
|
| 260 |
|
|
|b Claridad.
|c 1958.
|
| 300 |
|
|
|a 1.035 p.
|c 19 cm.
|
| 504 |
|
|
|a Indice.
|
| 650 |
|
4 |
|a MUSICA
|x DICCIONARIOS
|
| 942 |
|
|
|c LIBR
|2 ddc
|
| 945 |
|
|
|0 nac
|
| 952 |
|
|
|0 0
|1 0
|4 0
|7 0
|9 10150
|a UNACH
|b UNACH
|c CP
|d 2007-03-05
|i 15.825.
|l 0
|o R 780.3 / B 653.
|p 11149
|r 2012-12-27 00:00:00
|u 10150
|w 2012-08-08
|y LIBR
|k R 780.3 / B 653.
|
| 999 |
|
|
|c 6732
|d 6732
|